| 000 | 00539nam a2200157 a 4500 | ||
|---|---|---|---|
| 082 |
_a3555.00925491 _bASH _cL-30,P-191 |
||
| 100 | 1 |
_aاشفاق حسین _948655 |
|
| 245 | 1 | _aفاتح سبونہ | |
| 260 |
_aلاھور: _bادارہ مطبوعات سلیمانی , _c94 |
||
| 300 | _a304ص | ||
| 526 |
_a0 _b0 _c0 _d3555_009254910000000_ASH |
||
| 650 | 0 |
_aشبیر شریف شہید ﹚میجر﹙ ۔۔ سوانح _948656 |
|
| 650 | 0 |
_zMCE _9379 |
|
| 710 |
_aادارہ مطبوعات سلیمانی ، لاھور _948657 |
||
| 942 |
_2ddc _cBK |
||
| 999 |
_c551518 _d551518 |
||